Catalog

Record Details

Catalog Search



Available copies

  • 1 of 1 copy available at LARL/NWRL Consortium. (Show)
  • 1 of 1 copy available at Northwest Regional Library.

Current holds

0 current holds with 1 total copy.

Show Only Available Copies
Location Call Number / Copy Notes Barcode Shelving Location Status Due Date
Roseau Public Library e SAN (Text) 35500003375837 Main Available -

Record details

  • ISBN: 080506558X (hc : alk. paper)
  • Physical Description: 45 p. : col. ill. ; 29 cm.
  • Edition: 1st ed.
  • Publisher: New York : Henry Holt, c2003.

Content descriptions

Summary, etc.:
In 1938-1939, fourth-grader Monchi Ramirez and the ... Read More
Subject: Schools > Fiction.
Arizona > Fiction.
Mexican Americans > Fiction.
Newspapers > Fiction.
LDR 01139cam a2200301 a 4500
00151747
003LARL_NWRL_CONSORTIUM
00520031021163029.0
008000405s2003 nyua b 000 1 eng
020 . ‡a080506558X (hc : alk. paper)
035 . ‡a(OCoLC)44268064
03500. ‡ilcmarc/AYU-1384/NWRLTECH
040 . ‡aDLC ‡cDLC ‡dDLC
08200. ‡a[Fic] ‡221
099 . ‡ae SAN
099 . ‡aS
1001 . ‡aSandin, Joan. ‡0(LARL_NWRL_CONSORTIUM)56127
24510. ‡aCoyote School News / ‡cJoan Sandin.
250 . ‡a1st ed.
260 . ‡aNew York : ‡bHenry Holt, ‡cc2003.
300 . ‡a45 p. : ‡bcol. ill. ; ‡c29 cm.
520 . ‡aIn 1938-1939, fourth-grader Monchi Ramirez and the other students at Coyote School enjoy their new teacher, have a special Christmas celebration, participate in the Tucson Rodeo Parade, and produce their own school newspaper.
650 1. ‡aSchools ‡vFiction. ‡0(LARL_NWRL_CONSORTIUM)167222
651 1. ‡aArizona ‡vFiction. ‡0(LARL_NWRL_CONSORTIUM)163221
650 1. ‡aMexican Americans ‡vFiction. ‡0(LARL_NWRL_CONSORTIUM)166010
650 1. ‡aNewspapers ‡vFiction.
901 . ‡a51747 ‡bOCLC ‡c51747 ‡tbiblio

Additional Resources